Los Grandes museos históricos. (Record no. 11338)

MARC details
000 -LEADER
campo de control de longitud fija 00717nam a2200205 i 4500
001 - NÚMERO DE CONTROL
campo de control 11338
003 - IDENTIFICADOR DE NÚMERO DE CONTROL
campo de control ES-MaACL
005 - FECHA Y HORA DE LA ÚLTIMA TRANSACCIÓN
campo de control 20230906150059.0
007 - CAMPO FIJO DE DESCRIPCIÓN FÍSICA--INFORMACIÓN GENERAL
campo de control de longitud fija t|
008 - DATOS DE LONGITUD FIJA--INFORMACIÓN GENERAL
campo de control de longitud fija 960418s1995 sp ||||1| spa d
020 ## - NÚMERO INTERNACIONAL ESTÁNDAR DEL LIBRO
Número Internacional Estándar del Libro 84-226-5785-6
080 ## - NÚMERO DE LA CLASIFICACIÓN DECIMAL UNIVERSAL
Número de la Clasificación Decimal Universal 069(100)
245 04 - MENCIÓN DEL TÍTULO
Título Los Grandes museos históricos.
260 ## - PUBLICACIÓN, DISTRIBUCIÓN, ETC.
Lugar de publicación, distribución, etc. Madrid :
Nombre del editor, distribuidor, etc. Fundación Amigos del Museo del Prado ;
Lugar de publicación, distribución, etc. Barcelona :
Nombre del editor, distribuidor, etc. Galaxia Gutenberg :
-- Círculo de Lectores,
Fecha de publicación, distribución, etc. D.L. 1995.
300 ## - DESCRIPCIÓN FÍSICA
Extensión 322 p., I-X/8 p. lám. col. :
Otras características físicas il. ;
Dimensiones 25 cm.
500 ## - NOTA GENERAL
Nota general En cubierta: edición conmemorativa del 175 aniversario del Museo del Prado.
650 #4 - PUNTO DE ACCESO ADICIONAL DE MATERIA--TÉRMINO DE MATERIA
Término de materia o nombre geográfico como elemento de entrada Museos.
9 (RLIN) 15363
710 2# - ENTRADA AGREGADA--NOMBRE DE ENTIDAD CORPORATIVA
Nombre de entidad corporativa o nombre de jurisdicción como elemento de entrada Amigos del Museo del Prado.
9 (RLIN) 143641
852 ## - LOCALIZACIÓN
Ubicación ES-MaACL
Número de control de estantería L-18657
Sublocalización o colección R.124862
Holdings
Estatus retirado Estado de pérdida Estado de daño No para préstamo Biblioteca de origen Biblioteca actual Ubicación en estantería Fecha de adquisición Fuente de adquisición Total de préstamos Signatura topográfica completa Código de barras Visto por última vez Precio de reemplazo Tipo de ítem Koha
        Biblioteca del Ateneo de Madrid Biblioteca del Ateneo de Madrid Depósito 2 17/01/2008     L-18657 1011561 23/02/2023 23/02/2023 Libro impreso